| Follower | Hinweis | Account | % Korrekt |
|---|---|---|---|
| 156 Mio. | •🇺🇸 Influencerin | charli d'amelio | 70%
|
| 120 Mio. | •🇺🇸 YouTuber & Unternehmer | MrBeast | 61%
|
| 88 Mio. | •🇺🇸 Tänzerin, Schauspielerin& Sängerin | Addison Rae | 55%
|
| 80 Mio. | •ehem. 🇺🇸 Wrestler | The Rock | 42%
|
| 91 Mio. | •Videoportal | TikTok | 33%
|
| 93 Mio. | •🇺🇸 Sängerin & Influencerin | Bella Poarch | 24%
|
| 161 Mio. | •🇮🇹 Komiker & Webvideoproduzent | Khabane Lame | 21%
|
| 79 Mio. | •🇺🇸 Rapper & Schauspieler | Will Smith | 15%
|
| 82 Mio. | •🇺🇸 Künstler & Schauspieler | Zach King | 12%
|
| 84 Mio. | •🇲🇽 Influencerin, Sängerin& Geschäftsfrau | Kimberly Loaiza | 0%
|